000 00757nam a2200265Ia 4500
003 OSt
005 20221006160601.0
006 a|||||r|||| 00| 0
007 ta
008 221006b |||||||| |||| 00| 0 eng d
024 _a45,550
037 _cSeries Articles
040 _aEASL
_cEASL
_beng
041 _2eng
_aeng
100 _aTsai Wen-Hsuan
_9674254
245 0 _aParty's disciples
_b CCP reserve cards and the perpetuation of a resilint authoritarin regime
260 _aCambridge
_bCambridge Univesity Press
_c2015
300 _a1-20 Pp.
_ccm.
490 _v221
650 _a CCP
650 _aChina
700 _a Kou Chien-Wen
_9674255
942 _cREF
_2CC
999 _c1113642
_d1113642